| 000 | 01605cam a2200445Ia 4500 | ||
|---|---|---|---|
| 001 | sjds471169 | ||
| 003 | sjds | ||
| 005 | 20170606132934.0 | ||
| 008 | 110920s2011 nyua 000 0 spa d | ||
| 020 | _a9780451236173 (pbk.) | ||
| 020 | _a0451236173 (pbk.) | ||
| 035 | _a(OCoLC)753705139 | ||
| 035 | _z(OCoLC)707969130 | ||
| 040 |
_aSAP _cSAP _dBTCTA _dYDXCP _dTEF _dIFA _dUtOrBLW |
||
| 041 | 1 |
_aspa _heng |
|
| 049 | _aIFAA | ||
| 099 | _aESPANOL 641.597291 ESTEFAN 2011 | ||
| 999 |
_c17368 _d17368 |
||
| 999 | _bESPANOL 641.597291 ESTEFAN 2011 | ||
| 100 | 1 | _aEstefan, Emilio. | |
| 240 | 1 | 0 |
_aEstefan kitchen. _lSpanish |
| 245 | 1 | 3 |
_aLa cocina de los Estefan / _cEmilio & Gloria Estefan ; [traducido por Karelia Báez]. |
| 260 |
_aNew York, NY : _bCelebra/[New American Library], _c2011. |
||
| 264 | 1 |
_aNew York, NY : _bCelebra/[New American Library], _c2011. |
|
| 300 |
_ax, 245 pages : _billustrations (chiefly color) ; _c24 cm. |
||
| 336 |
_atext _btxt _2rdacontent |
||
| 337 |
_aunmediated _bn _2rdamedia |
||
| 338 |
_avolume _bnc _2rdacarrier |
||
| 490 | 0 | _aA Celebra book | |
| 520 | _a"Recetas auténticas cubanas de los restaurantes conocidos mundialmente de Emilio Estefan y Gloria Estefan"--Cover. | ||
| 520 | _aAuthentic Cuban recipes from the world renown restaurants owned by Emilio and Gloria Estefan. | ||
| 650 | 0 | _aCooking, Cuban. | |
| 650 | 0 | _aCooking, Caribbean. | |
| 650 | 0 | _aFood habits. | |
| 650 | 7 |
_aCocina cubana. _2bidex |
|
| 650 | 7 |
_aCocina antillana. _2bidex |
|
| 650 | 7 |
_aHábitos alimenticios. _2bidex |
|
| 700 | 1 | _aEstefan, Gloria. | |
| 700 | 1 | _aBáez, Karelia. | |
| 942 |
_2ddc _cBK |
||